<?xml version="1.0" encoding="UTF-8"?><?xml-stylesheet type="text/xsl" href="static/style.xsl"?><OAI-PMH xmlns="http://www.openarchives.org/OAI/2.0/" xmlns:xsi="http://www.w3.org/2001/XMLSchema-instance" xsi:schemaLocation="http://www.openarchives.org/OAI/2.0/ http://www.openarchives.org/OAI/2.0/OAI-PMH.xsd"><responseDate>2026-06-04T20:29:03Z</responseDate><request verb="GetRecord" identifier="oai:riubu.ubu.es:10259/194" metadataPrefix="marc">https://riubu.ubu.es/oai/request</request><GetRecord><record><header><identifier>oai:riubu.ubu.es:10259/194</identifier><datestamp>2022-04-26T11:42:11Z</datestamp><setSpec>com_10259_2699</setSpec><setSpec>col_10259_2709</setSpec></header><metadata><record xmlns="http://www.loc.gov/MARC21/slim" xmlns:doc="http://www.lyncode.com/xoai" xmlns:xsi="http://www.w3.org/2001/XMLSchema-instance" xmlns:dcterms="http://purl.org/dc/terms/" xsi:schemaLocation="http://www.loc.gov/MARC21/slim http://www.loc.gov/standards/marcxml/schema/MARC21slim.xsd">
<leader>00925njm 22002777a 4500</leader>
<datafield tag="042" ind1=" " ind2=" ">
<subfield code="a">dc</subfield>
</datafield>
<datafield tag="720" ind1=" " ind2=" ">
<subfield code="a">Cuevas González, Francisco Javier</subfield>
<subfield code="e">author</subfield>
</datafield>
<datafield tag="260" ind1=" " ind2=" ">
<subfield code="c">2012</subfield>
</datafield>
<datafield tag="520" ind1=" " ind2=" ">
<subfield code="a">La Tesis aborda los principios de estabilidad presupuestaria y la sostenibilidad financiera desde la óptica de la Administración Local, bajo el prisma de la Ley Orgánica 2/2012, de 27 de abril, de Estabilidad Presupuestaria y Sostenibilidad Financiera.
Comienza realizando un estudio analítico del germen jurídico de nuestra normativa interna en el Pacto de Estabilidad y Crecimiento de la Unión Europea y la evolución de su ordenamiento jurídico hasta la actualidad, así como el estudio de la reforma constitucional de 2011 y su incidencia en la Administración Local. 
Otro de los puntos analizados es la  problemática del ámbito subjetivo en la Administración Local con la diferente conceptuación de la estabilidad presupuestaria y la sostenibilidad financiera en función del tipo de entes locales. 
Un exhaustivo estudio de la normativa del Sistema Europeo de Cuentas Nacionales y Regionales desde un criterio eminentemente jurídico así como su enlace con la normativa presupuestaria, contable y administrativa aplicable a la Administración Local, con una propuesta de traducción jurídica y ajustes, constituye uno de los elementos centrales de la tesis. 
Por su parte, la Ley Orgánica incluye otras figuras jurídico-presupuestarias que son analizadas críticamente en la tesis desde la óptica de los entes locales, proponiendo soluciones a la problemática planteada, así como el reforzamiento de los funcionarios de habilitación de carácter estatal como garantes del cumplimiento de los objetivos de estabilidad presupuestaria, nivel de deuda pública y regla de gasto. 
La tesis termina con un estudio de la normativa interna sobre estabilidad presupuestaria y sostenibilidad financiera desde la óptica de los principios de autonomía local y seguridad jurídica.</subfield>
</datafield>
<datafield tag="024" ind2=" " ind1="8">
<subfield code="a">http://hdl.handle.net/10259/194</subfield>
</datafield>
<datafield tag="024" ind2=" " ind1="8">
<subfield code="a">10.36443/10259/194</subfield>
</datafield>
<datafield ind1=" " ind2=" " tag="653">
<subfield code="a">Presupuesto</subfield>
</datafield>
<datafield ind1=" " ind2=" " tag="653">
<subfield code="a">Administración Local</subfield>
</datafield>
<datafield ind1=" " ind2=" " tag="653">
<subfield code="a">Unión Europea</subfield>
</datafield>
<datafield ind1=" " ind2=" " tag="653">
<subfield code="a">Estabilidad Presupuestaria</subfield>
</datafield>
<datafield ind1=" " ind2=" " tag="653">
<subfield code="a">Sostenibilidad Financiera</subfield>
</datafield>
<datafield ind1=" " ind2=" " tag="653">
<subfield code="a">Budget</subfield>
</datafield>
<datafield ind1=" " ind2=" " tag="653">
<subfield code="a">Local Government</subfield>
</datafield>
<datafield ind1=" " ind2=" " tag="653">
<subfield code="a">European Union</subfield>
</datafield>
<datafield ind1=" " ind2=" " tag="653">
<subfield code="a">Budgetary Stability</subfield>
</datafield>
<datafield ind1=" " ind2=" " tag="653">
<subfield code="a">Financial Sustainability</subfield>
</datafield>
<datafield tag="245" ind1="0" ind2="0">
<subfield code="a">Estabilidad presupuestaria y sostenibilidad financiera en las entidades locales</subfield>
</datafield>
</record></metadata></record></GetRecord></OAI-PMH>